000
00333 a2200145 4500
001
152173
040
_c
Escola São Tomás de Aquino
100
_a
BRAZ, Júlio Emílio
240
1
0
_a
Cinderela
_l
por
245
1
0
_a
Cinderela
300
_a
34
362
0
_a
2003
697
_a
Contos de Fadas e Clássicos da Literatura
942
_c
BK
999
_c
152173
_d
152173